Vyrovnávací počet /

Enregistré dans:
Détails bibliographiques
Auteur principal: Böhm, Josef (Auteur)
Format: Livre
Langue:tchèque
Publié: Praha : SNTL, 1964
Tags: Ajouter un tag
Pas de tags, Soyez le premier à ajouter un tag!

MARC

LEADER 00000nam a22000003a 4500
001 stu34840
005 20150617225729.4
008 920326s1964----cs------------------cze-d
040 |a STU  |b slo 
041 0 |a cze 
044 |a cs 
080 |a 519.23(075.8) 
080 |a 528.1(075.8) 
100 1 |a Böhm, Josef  |4 aut 
245 1 |a Vyrovnávací počet /  |c [aut.]Josef Böhm 
260 |a Praha :  |b SNTL,  |c 1964 
300 |a 491 s 
996 |b 284V015776  |c V*1715/O-224  |l VVS  |s A  |a 24  |w stu34840_0001 
996 |b 284M003663  |c M*4073-1  |l MMKN  |s A  |a 24  |w stu34840_0002 
996 |b 284M003664  |c M*4073-2  |l MMKN  |s A  |a 24  |w stu34840_0003